Statistiques concernant Départements français par altitude maximale

Cliquez ici pour prendre le quiz!

Statistiques générales

  • Ce quiz a été pris 117 fois
  • Le résultat moyen est 16 sur 20

Statistiques - réponses

Altitude maximaleDépartement% Correct
3855Savoie
98%
4808Haute-Savoie
97%
2974Pyrénées-Atlantiques
95%
2921Pyrénées-Orientales
94%
3412Alpes-de-Haute-Provence
92%
4102Hautes-Alpes
92%
3298Hautes-Pyrénées
92%
3143Alpes-Maritimes
91%
4088Isère
88%
1885Puy-de-Dôme
85%
3143Ariège
80%
1855Cantal
79%
3222Haute-Garonne
79%
2454Drôme
76%
3071La Réunion
76%
1909Vaucluse
71%
2469Aude
62%
2706Haute-Corse
57%
2425Corse-du-Sud
56%
2241Polynésie française
8%

Distribution des résultats

Percentile par nombre de réponses

% des personnes avec chaque résultat

Votre développement - résultats

Vous n’avez pas pris ce quiz